000
00289nam a22001337a 4500
008
170621b xxu||||| |||| 00| 0 eng d
020
_a
0393955176
041
_a
eng
080
_2
7TH
_a
94
100
_a
16
101
_a
SHH
245
_a
WORLD CIVILIZATIONS
_c
BURNS,MCC
942
_2
udc
_c
BK
999
_c
18443
_d
18443